000
00297nam a22001337a 4500
003
OSt
008
230522b |||||||| |||| 00| 0 eng d
041
_a
eng
082
_a
005.133
_b
MYE/SM
100
_a
Myers, Mark
_9
5471
245
_a
Smarter wat to learn javascript
300
_a
248
942
_c
BK
999
_c
17703
_d
17703